<?xml version="1.0" encoding="UTF-8"?>
<record
    xmlns:xsi="http://www.w3.org/2001/XMLSchema-instance"
    xsi:schemaLocation="http://www.loc.gov/MARC21/slim http://www.loc.gov/standards/marcxml/schema/MARC21slim.xsd"
    xmlns="http://www.loc.gov/MARC21/slim">

  <leader>01358nam a2200313 i 4500</leader>
  <controlfield tag="001">184004</controlfield>
  <controlfield tag="003">ES-MaACL</controlfield>
  <controlfield tag="005">20230906222026.0</controlfield>
  <controlfield tag="008">150206s2001    sp aop       |||| |dspa d</controlfield>
  <datafield tag="020" ind1=" " ind2=" ">
    <subfield code="a">84-931127-8-X</subfield>
  </datafield>
  <datafield tag="080" ind1=" " ind2=" ">
    <subfield code="a">75.057</subfield>
  </datafield>
  <datafield tag="080" ind1=" " ind2=" ">
    <subfield code="a">75.033</subfield>
  </datafield>
  <datafield tag="080" ind1=" " ind2=" ">
    <subfield code="a">091 Beato de Li&#xE9;bana, Santo</subfield>
  </datafield>
  <datafield tag="080" ind1=" " ind2=" ">
    <subfield code="a">091 Beato de T&#xE1;bara</subfield>
  </datafield>
  <datafield tag="080" ind1=" " ind2=" ">
    <subfield code="a">091.01(460.184 T&#xE1;bara)</subfield>
  </datafield>
  <datafield tag="100" ind1="1" ind2=" ">
    <subfield code="a">Regueras Grande, Fernando.</subfield>
    <subfield code="9">156140</subfield>
  </datafield>
  <datafield tag="245" ind1="1" ind2="0">
    <subfield code="a">Scriptorium </subfield>
    <subfield code="b">: T&#xE1;bara visigoda y moz&#xE1;rabe / </subfield>
    <subfield code="c">Fernando Regueras Grande y Hermenegildo Garc&#xED;a-Ar&#xE1;ez Ferrer.</subfield>
  </datafield>
  <datafield tag="260" ind1=" " ind2=" ">
    <subfield code="a">[S.l. : </subfield>
    <subfield code="b">Ayuntamiento de T&#xE1;bara : </subfield>
    <subfield code="b">Centro de Estudios Benaventanos "Ledo del Pozo" : </subfield>
    <subfield code="b">Parroquia de T&#xE1;bara], </subfield>
    <subfield code="c">[2001] (</subfield>
    <subfield code="e">Salamanca)</subfield>
  </datafield>
  <datafield tag="300" ind1=" " ind2=" ">
    <subfield code="a">183 p. : </subfield>
    <subfield code="b">il. col., fot. ; </subfield>
    <subfield code="c">28 cm.</subfield>
  </datafield>
  <datafield tag="504" ind1=" " ind2=" ">
    <subfield code="a">Bibliograf&#xED;a: p. 175-183.</subfield>
  </datafield>
  <datafield tag="594" ind1=" " ind2=" ">
    <subfield code="a">Publicado con motivo de la exposici&#xF3;n "Scriptorium, T&#xE1;bara visigoda y moz&#xE1;rabe"</subfield>
  </datafield>
  <datafield tag="600" ind1="0" ind2="7">
    <subfield code="a">Beato de Li&#xE9;bana </subfield>
    <subfield code="c">Santo.</subfield>
    <subfield code="9">156301</subfield>
  </datafield>
  <datafield tag="630" ind1="0" ind2="7">
    <subfield code="a">Beato de T&#xE1;bara.</subfield>
    <subfield code="9">156299</subfield>
  </datafield>
  <datafield tag="650" ind1=" " ind2="7">
    <subfield code="a">Iluminaci&#xF3;n de manuscritos-</subfield>
    <subfield code="z">Espa&#xF1;a.</subfield>
    <subfield code="9">145370</subfield>
  </datafield>
  <datafield tag="650" ind1=" " ind2="4">
    <subfield code="a">Manuscritos miniados.</subfield>
    <subfield code="9">151000</subfield>
  </datafield>
  <datafield tag="700" ind1="1" ind2=" ">
    <subfield code="a">Garc&#xED;a-Ar&#xE1;ez Ferrer, Hermenegildo.</subfield>
    <subfield code="9">156300</subfield>
  </datafield>
  <datafield tag="710" ind1="2" ind2=" ">
    <subfield code="a">Centro de Estudios Benaventanos "Ledo del Pozo"</subfield>
    <subfield code="9">144530</subfield>
  </datafield>
  <datafield tag="852" ind1=" " ind2=" ">
    <subfield code="a">ES-MaACL</subfield>
    <subfield code="j">B-466 </subfield>
    <subfield code="z">. - enc. en tela granate </subfield>
    <subfield code="z">. - Donat. Centro de Estudios Benaventanos "Ledo del Pozo"</subfield>
  </datafield>
  <datafield tag="999" ind1=" " ind2=" ">
    <subfield code="c">184004</subfield>
    <subfield code="d">184004</subfield>
  </datafield>
  <datafield tag="952" ind1=" " ind2=" ">
    <subfield code="0">0</subfield>
    <subfield code="1">0</subfield>
    <subfield code="4">0</subfield>
    <subfield code="7">0</subfield>
    <subfield code="a">ATENEOM</subfield>
    <subfield code="b">ATENEOM</subfield>
    <subfield code="c">SPB</subfield>
    <subfield code="d">2015-02-06</subfield>
    <subfield code="e">DON</subfield>
    <subfield code="l">0</subfield>
    <subfield code="o">B-466</subfield>
    <subfield code="p">1193490</subfield>
    <subfield code="r">2023-02-23 00:00:00</subfield>
    <subfield code="w">2023-02-23</subfield>
    <subfield code="y">MONOGRAFIA</subfield>
  </datafield>
</record>
